Gegner von Fernando Alonso in der Formel 1 - Statistiken

Allgemein
  • Dieses Quiz wurde 54 mal gespielt
    9 seit der letzten Aktualisierung
  • Das Durchschnittsergebnis liegt bei 61 aus 123
Antwortstatistiken
Name Saisons % Korrekt
Andrea Kimi Antonelli 2025-2026
100%
Jos Verstappen 2001 - 2003
100%
Kimi Räikkönen 2001 - 2021
100%
Lance Stroll 2017 - 2026
100%
Lewis Hamilton 2007 - 2026
100%
Max Verstappen 2015 - 2026
100%
Nick Heidfeld 2001 - 2011
100%
Nico Rosberg 2006 - 2016
100%
Sebastian Vettel 2007 - 2022
100%
Valtteri Bottas 2013 - 2026
100%
Adrian Sutil 2007 - 2014
83%
Alexander Albon 2022 - 2026
83%
Bruno Senna 2010 - 2012
83%
Esteban Ocon 2016 - 2026
83%
Heikki Kovalainen 2007 - 2013
83%
Isack Hadjar 2025-2026
83%
Jenson Button 2001 - 2016
83%
Lando Norris 2021 - 2026
83%
Michael Schumacher 2001 - 2012
83%
Mick Schumacher 2021 - 2022
83%
Mika Häkkinen 2001
83%
Oliver Bearman 2024 - 2026
83%
Oscar Piastri 2023 - 2026
83%
Pierre Gasly 2017 - 2026
83%
Ralf Schumacher 2001 - 2007
83%
Robert Kubica 2006 - 2021
83%
Rubens Barrichello 2001 - 2011
83%
Sergio Perez 2011 - 2026
83%
Timo Glock 2004 - 2012
83%
Arvid Lindblad 2026
67%
Charles Leclerc 2018 - 2025
67%
Christian Klien 2004 - 2010
67%
Daniel Ricciardo 2011 - 2024
67%
David Coulthard 2001 - 2008
67%
Felipe Massa 2004 - 2017
67%
Franco Colapinto 2024 - 2026
67%
Gabriel Bortoleto 2025-2026
67%
George Russell 2021 - 2026
67%
Guanyou Zhou 2022 - 2024
67%
Juan Pablo Montoya 2001 - 2006
67%
Kamui Kobayashi 2009 - 2014
67%
Kevin Magnussen 2014 - 2024
67%
Liam Lawson 2023 - 2026
67%
Mark Webber 2003 - 2013
67%
Nelson Piquet Jr. 2008 - 2009
67%
Nico Hülkenberg 2010 - 2026
67%
Pascal Wehrlein 2016 - 2017
67%
Pastor Maldonado 2011 - 2015
67%
Romain Grosjean 2009 - 2018
67%
Yuki Tsunoda 2021 - 2025
67%
Alexander Rossi 2014 - 2015
50%
Alexander Wurz 2005 - 2007
50%
Antonio Giovinazzi 2017 - 2021
50%
Carlos Sainz 2015 - 2026
50%
Daniil Kwjat 2014 - 2017
50%
Eddie Irvine 2001
50%
Giancarlo Fisichella 2001 - 2009
50%
Heinz-Harald Frentzen 2001 - 2003
50%
Jacques Villeneuve 2001 - 2006
50%
Jean Alesi 2001
50%
Jules Bianchi 2013 - 2014
50%
Marcus Ericsson 2014 - 2018
50%
Nicolas Latifi 2021 - 2022
50%
Pedro de la Rosa 2001 - 2012
50%
Roberto Merhi 2015
50%
Takuma Sato 2003 - 2008
50%
Witali Petrow 2010 - 2012
50%
André Lotterer 2014
33%
Brendon Hartley 2017 - 2018
33%
Jack Doohan 2024 - 2025
33%
Jarno Trulli 2001 - 2011
33%
Jean-Eric Vergne 2012 - 2014
33%
Jolyon Palmer 2016 - 2017
33%
Karun Chandok 2010 - 2011
33%
Kazuki Nakajima 2007 - 2009
33%
Logan Sargeant 2023 - 2024
33%
Luca Badoer 2009
33%
Max Chilton 2013 - 2014
33%
Narain Kartikeyan 2005 - 2012
33%
Nikita Mazepin 2021
33%
Paul Di Resta 2011 - 2017
33%
Rio Haryanto 2016
33%
Scott Speed 2006 - 2007
33%
Sébastien Bourdais 2008 - 2009
33%
Sébastien Buemi 2009 - 2011
33%
Sergey Sirotkin 2018
33%
Stoffel Vandoorne 2017 - 2018
33%
Will Stevens 2014 - 2015
33%
Alex Yoong 2001
17%
Anthony Davidson 2005 - 2008
17%
Antonio Pizzonia 2003 - 2005
17%
Charles Pic 2012 - 2013
17%
Christijan Albers 2005 - 2007
17%
Cristiano Da Matta 2003 - 2004
17%
Enrique Bernoldi 2001
17%
Esteban Gutierrez 2013 - 2016
17%
Felipe Nasr 2015 - 2016
17%
Franck Montagny 2006
17%
Gastón Mazzacane 2001
17%
Gianmaria Bruni 2004
17%
Giorgio Pantano 2004
17%
Jaime Algesuari 2009 - 2011
17%
Jerome D'Ambrosio 2011 - 2012
17%
Lucas di Grassi 2010
17%
Luciano Burti 2001
17%
Marc Gené 2003 - 2004
17%
Markus Winkelhock 2007
17%
Nick de Vries 2022 - 2023
17%
Nicolas Kiesa 2003
17%
Olivier Panis 2001 - 2004
17%
Ralph Firman 2003
17%
Ricardo Zonta 2001 - 2005
17%
Robert Dornboos 2005 - 2006
17%
Sakon Yamamoto 2006 - 2010
17%
Tarso Marques 2001
17%
Tiago Monteiro 2005 - 2006
17%
Tomás Enge 2001
17%
Vitantonio Liuzzi 2005 - 2011
17%
Yuji Ide 2006
17%
Zsolt Baumgartner 2003 - 2004
17%
Giedo van der Garde 2013
0%
Justin Wilson 2003
0%
Patrick Friesacher 2005
0%
Keine übereinstimmenden Quizze gefunden
Verteilung der Resultate
Anzahl Personen mit jedem Resultat
Perzentil nach korrekt beantworteten Fragen
Ihre Resultats-Entwicklung
Sie haben dieses Quiz seit der letzten Aktualisierung nicht gespielt